Recurso de Multa de Trńsito Como nô fazer o seu recurso /

Detalles Bibliográficos
Autor principal: Araujo, Julyver Modesto de
Formato: eBook
Lenguaje:portugués
Publicado: San Pablo: Letras Jurídicas Editora, 2018
Materias:
Acceso en línea:Acceso restringido

MARC

LEADER 00000nam a22000007a 4500
005 20200723232459.0
007 cr|||| ||||
008 200723s2018 br |||||s|||| 00||0 por d
020 |a 978-85-8248-1233 
035 |a 31879 
040 |a vLex 
090 |c 10704  |d 10704 
100 1 |a Araujo, Julyver Modesto de 
245 1 0 |a Recurso de Multa de Trńsito  |h [Recurso electrn̤ico] :  |b Como nô fazer o seu recurso /  |c Julyver Modesto de Araujo 
256 |a Servicio en ln̕ea 
260 |a San Pablo:  |b Letras Jurídicas Editora,  |c 2018 
300 |a 1 recurso electrn̤ico 
500 |a “Todo motorista tem o DIREITO de ser multado corretamente”. Esta frase resume o motivo pelo qual decidi escrever este Manual, apesar de atuar “do lado de dentro do balcô”, na r̀ea de trńsito. Explico: trabalho no policiamento de trńsito, na cidade de Sô Paulo, desde 1996 e, atualmente, ocupo o posto de Capitô PM, servindo no 2ð Batalhô de Polc̕ia de Trńsito da PMESP. Alm̌ disso, coordeno os Cursos realizados pelo CEAT – Centro de Estudos Avanȧdos e Treinamento / Trńsito, incluindo capacitaȯ̂ especf̕ica para agentes de trńsito e Cursos de Ps̤-graduaȯ̂, em que grande parte dos alunos provm̌ de r̤gôs e entidades do Sistema Nacional de Trńsito. 
506 1 |a Disponible solo en los productos indicados  |d vLex Global  |d vLex Global (Academic Edition, excluding Law Schools)  |d vLex Global (U.S. Academic Edition, Law Schools)  |d vLex Global (U.S. Academic Edition, excluding Law Schools)  |d vLex Global (Academic Edition, Law Schools) 
650 0 4 |a Derecho Pb︢lico y Administrativo  |z Brasil 
740 0 |a vLex Libros (Servicio en ln̕ea) 
856 4 0 |u http://vlex.com/source/recurso-de-multa-de-tr-nsito-como-n-o-fazer-o-seu-recurso-31879  |z Acceso restringido 
942 |c BOOK 
999 0 |a Public and Administrative Law